| 000 | 00618nam a22002297a 4500 | ||
|---|---|---|---|
| 003 | UA-OsUOA | ||
| 001 | 32245 | ||
| 007 | ta | ||
| 008 | 20050128b un ||||| |||| 00| 0 ukr d | ||
| 090 |
_a141.82 _bЛ45 |
||
| 942 | _cBK | ||
| 040 |
_aUA-OsUOA _bukr _cUA-OsUOA _dUA-OsUOA |
||
| 245 |
_aВ. І. Ленін, КПРС про статут партії _cРед. К. М.Боголюбов М. О.Петровичев |
||
| 300 | _a452 с. | ||
| 955 | _a0 | ||
| 041 | _aukr | ||
| 080 | _a141.82 | ||
| 260 |
_aКиїв _bПолітвидав України _c1983 |
||
| 044 | _aUA | ||
| 650 | 7 | _2UDC | |
| 999 |
_c318684 _d318684 |
||